Theory of Structures (Record no. 4863)

MARC details
000 -LEADER
fixed length control field 00415nam a22001697a 4500
005 - DATE AND TIME OF LATEST TRANSACTION
control field 20160630105249.0
008 - FIXED-LENGTH DATA ELEMENTS--GENERAL INFORMATION
fixed length control field 160630b xxu||||| |||| 00| 0 eng d
020 ## - INTERNATIONAL STANDARD BOOK NUMBER
ISBN 978-93-84559-06-9
041 ## - LANGUAGE CODE
Language code of text/sound track or separate title eng
082 ## - DEWEY DECIMAL CLASSIFICATION NUMBER
Item number 19461
100 ## - MAIN ENTRY--AUTHOR NAME
Personal name Ramamrutham S & Narayan S
245 ## - TITLE STATEMENT
Title Theory of Structures
260 ## - PUBLICATION, DISTRIBUTION, ETC. (IMPRINT)
Name of publisher D R Pubtosh Co.
Year of publication 2014
300 ## - PHYSICAL DESCRIPTION
Number of Pages 1269
650 ## - SUBJECT ADDED ENTRY--TOPICAL TERM
Topical Term Diploma Engineering
942 ## - ADDED ENTRY ELEMENTS (KOHA)
Koha item type Books
Holdings
Lost status Damaged status Home library Current library Shelving location Date acquired Cost, normal purchase price Full call number Accession Number Koha item type Collection code
    JRU Library   SHELF-43-M 30/06/2016 695.00 19461 19461 Books  
    JRU Library   SHELF-43-M 30/06/2016 695.00 19461 19462 Books  
    JRU Library   SHELF-43-M 30/06/2016 695.00 19461 19463 Books  
    JRU Library   SHELF-72-B 30/06/2016 695.00 19461 19464 Books Reference
    JRU Library   SHELF-43-M 30/06/2016 695.00 19461 19465 Books  
    JRU Library   SHELF-43-M 30/06/2016 695.00 19461 19466 Books  
    JRU Library   SHELF-43-M 30/06/2016 695.00 19461 19467 Books  
    JRU Library JRU Library SHELF-43-M 30/06/2016 695.00 19461 19468 Books  
    JRU Library   SHELF-43-M 30/06/2016 695.00 19461 19469 Books  
    JRU Library   SHELF-43-M 30/06/2016 695.00 19461 19470 Books  
    JRU Library   SHELF-43-M 30/06/2016 695.00 19461 19471 Books  
    JRU Library   SHELF-43-M 30/06/2016 695.00 19461 19472 Books  
    JRU Library   SHELF-43-M 30/06/2016 695.00 19461 19473 Books  
    JRU Library   SHELF-43-M 30/06/2016 695.00 19461 19474 Books  
    JRU Library   SHELF-43-M 30/06/2016 695.00 19461 19475 Books